[Event "164 Stay Safe Play From Home"]
[Site "T#646250Emanuel Laske"]
[Date "2020.05.22"]
[Round "1"]
[White "Mepe_Nika"]
[Black "Toosieslide"]
[Result "1-0"]
[WhiteElo "2346"]
[BlackElo "2245"]
[Annotator "RC"]
[PlyCount "69"]
[EventDate "2020.05.22"]
[EventType "swiss (blitz)"]

1. d4 {[%emt 0:00:02]} d5 {[%emt 0:00:01]} 2. Bf4 {[%emt 0:00:01]} Nf6 {[%emt 0:00:01]} 3. e3 {[%emt 0:00:01]} c5 {[%emt 0:00:01]} 4. c3 {[%emt 0:00:01]} Nc6 {[%emt 0:00:01]} 5. Nd2 {[%emt 0:00:00]} e6 {[%emt 0:00:00]} 6. Ngf3 {[%emt 0:00:02]} Bd6 {[%emt 0:00:00]} 7. Bg3 {[%emt 0:00:00]} b6 {[%emt 0:00:01]} 8. Bd3 {[%emt 0:00:01]} Bb7 {[%emt 0:00:01]} 9. Qe2 {[%emt 0:00:00]} O-O {[%emt 0:00:01]} 10. Rd1 {[%emt 0:00:01]} c4 {[%emt 0:00:01]} 11. Bb1 {[%emt 0:00:01]} Re8 {[%emt 0:00:01]} 12. Ne5 {[%emt 0:00:01]} Bxe5 {[%emt 0:00:03]} 13. dxe5 {[%emt 0:00:02]} Nd7 {[%emt 0:00:00]} 14. f4 {[%emt 0:00:02]} f6 {[%emt 0:00:02]} 15. exf6 {[%emt 0:00:03]} Qxf6 {[%emt 0:00:00]} 16. O-O {[%emt 0:00:02]} Rf8 {[%emt 0:00:02]} 17. Nf3 {[%emt 0:00:01]} Nc5 {[%emt 0:00:02]} 18. Ne5 {[%emt 0:00:02]} Nxe5 {[%emt 0:00:02]} 19. fxe5 {[%emt 0:00:00]} Qe7 {[%emt 0:00:00]} 20. Qh5 {[%emt 0:00:02]} g6 {[%emt 0:00:04]} 21. Qh6 {[%emt 0:00:03]} Qg7 {[%emt 0:00:02]} 22. Qg5 {[%emt 0:00:04]} Rae8 {[%emt 0:00:06]} 23. Rf6 {[%emt 0:00:01]} Rxf6 {[%emt 0:00:02]} 24. exf6 {[%emt 0:00:01]} Qf7 {[%emt 0:00:00]} 25. Be5 {[%emt 0:00:01]} Nd7 {[%emt 0:00:03]} 26. h4 {[%emt 0:00:01]} Rf8 {[%emt 0:00:01]} 27. Rf1 {[%emt 0:00:01]} h6 {[%emt 0:00:02]} 28. Qg3 {[%emt 0:00:02]} Kh7 {[%emt 0:00:01]} 29. h5 {[%emt 0:00:01]} Nxe5 {[%emt 0:00:02]} 30. Qxe5 {[%emt 0:00:01]} Kg8 {[%emt 0:00:02]} 31. hxg6 {[%emt 0:00:00]} Qd7 {[%emt 0:00:03]} 32. f7+ {[%emt 0:00:00]} Rxf7 {[%emt 0:00:01]} 33. gxf7+ {[%emt 0:00:00]} Kf8 {[%emt 0:00:00]} 34. Qh8+ {[%emt 0:00:01]} Ke7 {[%emt 0:00:00]} 35. f8=Q# {[%emt 0:00:00] (Lag: Av=0.46s, max=1.0s)} 1-0

[Event "164 Stay Safe Play From Home"]
[Site "T#646250Emanuel Laske"]
[Date "2020.05.22"]
[Round "1"]
[White "Rogan"]
[Black "Emresenar"]
[Result "1-0"]
[WhiteElo "2324"]
[BlackElo "1740"]
[Annotator "RC"]
[PlyCount "55"]
[EventDate "2020.05.22"]
[EventType "swiss (blitz)"]

1. d4 {[%emt 0:00:03]} b6 {[%emt 0:00:01]} 2. c3 {[%emt 0:00:00]} Bb7 {[%emt 0:00:00]} 3. Bg5 {[%emt 0:00:01]} h6 {[%emt 0:00:01]} 4. Bh4 {[%emt 0:00:01]} d6 {[%emt 0:00:01]} 5. e3 {[%emt 0:00:01]} Nd7 {[%emt 0:00:00]} 6. f4 {[%emt 0:00:01]} Ngf6 {[%emt 0:00:01]} 7. Nf3 {[%emt 0:00:02]} e6 {[%emt 0:00:04]} 8. Nbd2 {[%emt 0:00:02]} Be7 {[%emt 0:00:01]} 9. Bd3 {[%emt 0:00:01]} c5 {[%emt 0:00:01]} 10. Qe2 {[%emt 0:00:01]} cxd4 {[%emt 0:00:02]} 11. exd4 {[%emt 0:00:02]} Qc7 {[%emt 0:00:04]} 12. O-O {[%emt 0:00:01]} O-O-O {[%emt 0:00:02]} 13. a4 {[%emt 0:00:02]} Nd5 {[%emt 0:00:05]} 14. Bxe7 {[%emt 0:00:03]} Nxe7 {[%emt 0:00:01]} 15. a5 {[%emt 0:00:01]} Nd5 {[%emt 0:00:04]} 16. g3 {[%emt 0:00:03]} g5 {[%emt 0:00:02]} 17. axb6 {[%emt 0:00:06]} axb6 {[%emt 0:00:03]} 18. fxg5 {[%emt 0:00:00]} hxg5 {[%emt 0:00:01]} 19. Nxg5 {[%emt 0:00:01]} Rdg8 {[%emt 0:00:02]} 20. Nxf7 {[%emt 0:00:02]} Rh3 {[%emt 0:00:07]} 21. Ne4 {[%emt 0:00:02]} Nf8 {[%emt 0:00:11]} 22. Nfxd6+ {[%emt 0:00:02]} Kb8 {[%emt 0:00:02]} 23. Nxb7 {[%emt 0:00:01]} Qxb7 {[%emt 0:00:00]} 24. Ba6 {[%emt 0:00:01]} Qc7 {[%emt 0:00:01]} 25. Qg2 {[%emt 0:00:01]} Rgh8 {[%emt 0:00:02]} 26. Ng5 {[%emt 0:00:04]} Rxh2 {[%emt 0:00:00]} 27. Qxh2 {[%emt 0:00:01]} Rxh2 {[%emt 0:00:01]} 28. Rxf8+ {[%emt 0:00:01] Zaman (Lag: Av=0.85s, max=1.1s)} 1-0

[Event "164 Stay Safe Play From Home"]
[Site "T#646250Emanuel Laske"]
[Date "2020.05.22"]
[Round "1"]
[White "Shahildey"]
[Black "Hoffentlichreichts"]
[Result "0-1"]
[WhiteElo "2196"]
[BlackElo "2373"]
[Annotator "TA"]
[PlyCount "82"]
[EventDate "2020.05.22"]
[EventType "swiss (blitz)"]

{[%evp 9,81,0,4,0,0,-16,-1,-17,-3,-27,0,-19,-18,-30,-21,-46,-45,-83,-70,-83,-82,-75,-79,-64,-76,-67,-36,-39,-20,-264,-86,-92,-75,-78,-62,-68,0,0,10,-49,-65,-116,-97,-110,-86,-86,-41,-40,-25,-27,0,0,0,-25,-25,-25,-27,-29,0,0,72,44,110,0,0,0,0,-156,-128,-29996,-29997,-29997,-29998,-29999]} 1. g3 c6 2. Bg2 g6 3. d3 Bg7 4. Nc3 Nf6 5. e4 O-O 6. Nge2 {A00: Irregular Openings.} d5 7. O-O d4 8. Nb1 {The position is equal.} e5 {[#]} 9. b3 $146 ({Predecessor:} 9. a4 c5 10. Na3 Nc6 11. Nc4 Ne8 12. f4 f6 13. b3 Nd6 14. Ba3 Nxc4 15. bxc4 {0-1 (36) Bogorad,M (2041)-Krueger,E (2094) Germany 2016}) 9... Ne8 10. Bb2 c5 11. f4 Nc6 {[%cal Bb8c6,Bc6e5,Be5g4,Bg4e3][%mdl 32]} 12. fxe5 Nxe5 13. Nd2 Ng4 $36 {[%mdl 2048] White is under pressure.} 14. Rf3 Ne3 15. Rxe3 dxe3 16. Bxg7 Nxg7 17. Nc4 Ne6 18. Nxe3 Nd4 19. Nd5 $2 {[#]} (19. Nf4 $11) 19... Be6 $2 (19... Bg4 $19 {is more deadly.} 20. Bf1 Re8) 20. Nef4 $17 Bxd5 21. Nxd5 f5 22. c3 Ne6 (22... fxe4 $15 23. Bxe4 Nc6) 23. e5 $1 $11 Nc7 24. Nxc7 (24. Nf4 $11) 24... Qxc7 $15 25. Bd5+ (25. Qe2 $15) 25... Kg7 $17 26. Qe2 Rad8 27. c4 Rfe8 28. Re1 Re7 29. e6 b5 30. Qb2+ Kg8 31. Qf6 Rf8 32. Qg5 bxc4 33. dxc4 a5 34. Qd2 a4 (34... Rb8 $11 {remains equal.}) 35. bxa4 $16 f4 (35... Rb8 $1 $14) 36. g4 ({White should play} 36. Qc3 $16) 36... f3 $11 {Threatens to win with ...f2+.} 37. Qf2 Qf4 38. Re3 $2 ({Better is} 38. h3 $11) 38... Qxg4+ $17 39. Qg3 $2 {[%mdl 8192] [#]} (39. Kh1 $17) 39... f2+ {Black mates.} 40. Kf1 Qd1+ {[%mdl 64] Double Attack} 41. Kg2 f1=Q# {Accuracy: White = 64%, Black = 63%.} 0-1

[Event "164 Stay Safe Play From Home"]
[Site "T#646250Emanuel Laske"]
[Date "2020.05.22"]
[Round "1"]
[White "SoulofWolf"]
[Black "Bruce09"]
[Result "1-0"]
[WhiteElo "2150"]
[BlackElo "1376"]
[Annotator "NA RC"]
[PlyCount "65"]
[EventDate "2020.05.22"]
[EventType "swiss (blitz)"]

1. d4 {[%emt 0:00:00]} Nf6 {[%emt 0:00:01]} 2. Nf3 {[%emt 0:00:00]} g6 {[%emt 0:00:01]} 3. c4 {[%emt 0:00:00]} Bg7 {[%emt 0:00:01]} 4. Qc2 {[%emt 0:00:00]} d6 {[%emt 0:00:01]} 5. e4 {[%emt 0:00:01]} O-O {[%emt 0:00:01]} 6. Nc3 {[%emt 0:00:00]} Re8 {[%emt 0:00:03]} 7. Bg5 {[%emt 0:00:00]} h6 {[%emt 0:00:02]} 8. Bh4 {[%emt 0:00:01]} g5 {[%emt 0:00:01]} 9. Bg3 {[%emt 0:00:00]} Bg4 {[%emt 0:00:03]} 10. Be2 {[%emt 0:00:01]} Bxf3 {[%emt 0:00:03]} 11. Bxf3 {[%emt 0:00:00]} c6 {[%emt 0:00:01]} 12. Qe2 {[%emt 0:00:05]} Nbd7 {[%emt 0:00:01]} 13. h4 {[%emt 0:00:00]} e5 {[%emt 0:00:07]} 14. d5 {[%emt 0:00:01]} Nc5 {[%emt 0:00:02]} 15. hxg5 {[%emt 0:00:01]} hxg5 {[%emt 0:00:01]} 16. Qd2 {[%emt 0:00:01]} g4 {[%emt 0:00:02]} 17. Bd1 {[%emt 0:00:02]} Nfxe4 {[%emt 0:00:02]} 18. Nxe4 {[%emt 0:00:01]} Nxe4 {[%emt 0:00:01]} 19. Qe3 {[%emt 0:00:00]} Nxg3 {[%emt 0:00:01]} 20. Qxg3 {[%emt 0:00:01]} Qg5 {[%emt 0:00:01]} 21. Bxg4 {[%emt 0:00:05]} e4 {[%emt 0:00:02]} 22. Qh3 {[%emt 0:00:01]} f6 {[%emt 0:00:04]} 23. Be6+ {[%emt 0:00:06]} Kf8 {[%emt 0:00:02]} 24. O-O {[%emt 0:00:05]} Re7 {[%emt 0:00:01]} 25. Rae1 {[%emt 0:00:02]} Rxe6 {[%emt 0:00:05]} 26. Qxe6 {[%emt 0:00:03]} Re8 {[%emt 0:00:02]} 27. Qxd6+ {[%emt 0:00:00]} Kg8 {[%emt 0:00:02]} 28. dxc6 {[%emt 0:00:01]} e3 {[%emt 0:00:02]} 29. Qd5+ {[%emt 0:00:02]} Kh8 {[%emt 0:00:02]} 30. Qxg5 {[%emt 0:00:01]} fxg5 {[%emt 0:00:01]} 31. fxe3 {[%emt 0:00:01]} Be5 {[%emt 0:00:01]} 32. cxb7 {[%emt 0:00:01]} Bd4 {[%emt 0:00:01]} 33. exd4 {[%emt 0:00:01] Zeit (Lag: Av=0.61s, max=1.1s)} 1-0

[Event "164 Stay Safe Play From Home"]
[Site "T#646250Emanuel Laske"]
[Date "2020.05.22"]
[Round "1"]
[White "Fischer_11"]
[Black "BrainThinker22"]
[Result "0-1"]
[WhiteElo "2064"]
[BlackElo "2207"]
[Annotator "NA RC"]
[PlyCount "144"]
[EventDate "2020.05.22"]
[EventType "swiss (blitz)"]

1. e4 {[%emt 0:00:01]} c6 {[%emt 0:00:01]} 2. d4 {[%emt 0:00:01]} d5 {[%emt 0:00:01]} 3. exd5 {[%emt 0:00:00]} cxd5 {[%emt 0:00:00]} 4. c4 {[%emt 0:00:00]} Nf6 {[%emt 0:00:01]} 5. Nc3 {[%emt 0:00:00]} e6 {[%emt 0:00:00]} 6. Bg5 {[%emt 0:00:00]} Be7 {[%emt 0:00:02]} 7. c5 {[%emt 0:00:01]} O-O {[%emt 0:00:01]} 8. Bb5 {[%emt 0:00:00]} h6 {[%emt 0:00:01]} 9. Bh4 {[%emt 0:00:01]} Nc6 {[%emt 0:00:00]} 10. a3 {[%emt 0:00:03]} Bd7 {[%emt 0:00:01]} 11. b4 {[%emt 0:00:01]} a6 {[%emt 0:00:01]} 12. Bd3 {[%emt 0:00:02]} e5 {[%emt 0:00:02]} 13. dxe5 {[%emt 0:00:02]} Nxe5 {[%emt 0:00:00]} 14. Nf3 {[%emt 0:00:02]} Nxd3+ {[%emt 0:00:02]} 15. Qxd3 {[%emt 0:00:02]} Be6 {[%emt 0:00:02]} 16. O-O {[%emt 0:00:02]} Qc7 {[%emt 0:00:06]} 17. Rad1 {[%emt 0:00:05]} Rad8 {[%emt 0:00:01]} 18. Rfe1 {[%emt 0:00:01]} Rfe8 {[%emt 0:00:01]} 19. Nd4 {[%emt 0:00:01]} Bd7 {[%emt 0:00:03]} 20. Bxf6 {[%emt 0:00:02]} Bxf6 {[%emt 0:00:01]} 21. Nxd5 {[%emt 0:00:01]} Rxe1+ {[%emt 0:00:00]} 22. Rxe1 {[%emt 0:00:02]} Qc8 {[%emt 0:00:03]} 23. Nxf6+ {[%emt 0:00:02]} gxf6 {[%emt 0:00:00]} 24. Nf3 {[%emt 0:00:05]} Bf5 {[%emt 0:00:03]} 25. Qe3 {[%emt 0:00:01]} Kg7 {[%emt 0:00:02]} 26. h3 {[%emt 0:00:01]} Qc7 {[%emt 0:00:02]} 27. g4 {[%emt 0:00:01]} Bg6 {[%emt 0:00:01]} 28. Qe7 {[%emt 0:00:01]} Rd7 {[%emt 0:00:01]} 29. Qe3 {[%emt 0:00:02]} Qc6 {[%emt 0:00:02]} 30. Nh4 {[%emt 0:00:01]} Qd5 {[%emt 0:00:01]} 31. Nxg6 {[%emt 0:00:01]} fxg6 {[%emt 0:00:00]} 32. Qe6 {[%emt 0:00:01]} Qd2 {[%emt 0:00:04]} 33. Re2 {[%emt 0:00:01]} Qd1+ {[%emt 0:00:01]} 34. Kg2 {[%emt 0:00:00]} Qd4 {[%emt 0:00:01]} 35. f3 {[%emt 0:00:02]} Rf7 {[%emt 0:00:03]} 36. Qe8 {[%emt 0:00:01]} Qd7 {[%emt 0:00:01]} 37. Qxd7 {[%emt 0:00:01]} Rxd7 {[%emt 0:00:00]} 38. Re6 {[%emt 0:00:01]} Kf7 {[%emt 0:00:01]} 39. Rd6 {[%emt 0:00:00]} Rxd6 {[%emt 0:00:01]} 40. cxd6 {[%emt 0:00:00]} Ke6 {[%emt 0:00:00]} 41. h4 {[%emt 0:00:00]} Kxd6 {[%emt 0:00:01]} 42. h5 {[%emt 0:00:00]} g5 {[%emt 0:00:00]} 43. Kf2 {[%emt 0:00:01]} b5 {[%emt 0:00:01]} 44. Ke3 {[%emt 0:00:00]} Ke5 {[%emt 0:00:00]} 45. Kd3 {[%emt 0:00:02]} f5 {[%emt 0:00:00]} 46. Ke2 {[%emt 0:00:00]} fxg4 {[%emt 0:00:01]} 47. fxg4 {[%emt 0:00:00]} Kf4 {[%emt 0:00:00]} 48. Kd3 {[%emt 0:00:00]} Kxg4 {[%emt 0:00:00]} 49. Kd4 {[%emt 0:00:00]} Kf4 {[%emt 0:00:00]} 50. Kc5 {[%emt 0:00:00]} g4 {[%emt 0:00:00]} 51. Kb6 {[%emt 0:00:00]} g3 {[%emt 0:00:00]} 52. Kxa6 {[%emt 0:00:00]} g2 {[%emt 0:00:00]} 53. Kxb5 {[%emt 0:00:00]} g1=Q {[%emt 0:00:00]} 54. Ka6 {[%emt 0:00:00]} Qa1 {[%emt 0:00:02]} 55. b5 {[%emt 0:00:00]} Qxa3+ {[%emt 0:00:00]} 56. Kb7 {[%emt 0:00:00]} Qb2 {[%emt 0:00:00]} 57. b6 {[%emt 0:00:00]} Qxb6+ {[%emt 0:00:01]} 58. Kxb6 {[%emt 0:00:01]} Kg5 {[%emt 0:00:00]} 59. Kc5 {[%emt 0:00:00]} Kxh5 {[%emt 0:00:00]} 60. Kd4 {[%emt 0:00:00]} Kg4 {[%emt 0:00:00]} 61. Ke3 {[%emt 0:00:00]} Kg3 {[%emt 0:00:00]} 62. Ke2 {[%emt 0:00:01]} Kg2 {[%emt 0:00:00]} 63. Ke3 {[%emt 0:00:01]} h5 {[%emt 0:00:00]} 64. Ke4 {[%emt 0:00:00]} h4 {[%emt 0:00:00]} 65. Ke5 {[%emt 0:00:01]} h3 {[%emt 0:00:00]} 66. Ke6 {[%emt 0:00:00]} h2 {[%emt 0:00:00]} 67. Kd7 {[%emt 0:00:00]} h1=Q {[%emt 0:00:00]} 68. Kc8 {[%emt 0:00:00]} Qf1 {[%emt 0:00:00]} 69. Kc7 {[%emt 0:00:00]} Kf2 {[%emt 0:00:00]} 70. Kc6 {[%emt 0:00:00]} Qe2 {[%emt 0:00:00]} 71. Kc5 {[%emt 0:00:00]} Ke3 {[%emt 0:00:00]} 72. Kb4 {[%emt 0:00:00]} Qd3 {[%emt 0:00:00] Zeit (Lag: Av=0.29s, max=0.4s) .} 0-1

[Event "164 Stay Safe Play From Home"]
[Site "T#646250Emanuel Laske"]
[Date "2020.05.22"]
[Round "1"]
[White "Tavares"]
[Black "Lamborghini"]
[Result "0-1"]
[WhiteElo "1778"]
[BlackElo "2196"]
[Annotator "TA"]
[PlyCount "34"]
[EventDate "2020.05.22"]
[EventType "swiss (blitz)"]

{[%evp 15,34,20,45,-37,-58,-125,-116,-287,-263,-422,-428,-886,-887,-1050,-1017,-1305,-1267,-1750,-1271,-2439,-2428]} 1. e4 c5 2. Nf3 d6 3. d4 cxd4 4. Nxd4 Nf6 5. Nc3 g6 6. f4 Bg7 7. e5 Nh5 8. Bb5+ Bd7 9. g4 {B71: Sicilian Dragon: 6 f4.} (9. Qe2 $14) 9... Nxf4 $1 $15 10. Bxf4 ({Better is} 10. exd6 $15 e5 11. Bxf4) 10... dxe5 $17 {[#]} 11. O-O $146 (11. Be3 $17 {was called for.} exd4 12. Bxd4) ({Predecessor:} 11. Ne6 fxe6 12. Be3 O-O 13. Bc4 Qc7 14. Qe2 Rc8 15. Bb3 a5 16. a3 a4 17. Ba2 {0-1 (29) Fraile Vela,M (1586)-Andrade Truyol,G (2011) Bogota 2015}) 11... exf4 $19 12. Rxf4 $2 (12. Bxd7+ Nxd7 13. Rxf4) 12... O-O {And now ...e5 would win.Black is clearly winning.} 13. h3 (13. Bxd7 $142 e5 14. Ne6 Qb6+ {[%mdl 64] Double Attack} 15. Kg2 Nxd7 16. Nxf8 exf4 17. Nxd7 Qxb2 18. Rb1 Qxc3 19. Rxb7) 13... e5 {[%mdl 64] [#] Double Attack} 14. Re4 exd4 15. Nd5 Bxb5 16. a4 Bc6 17. Qd3 Qxd5 {White got outplayed after the opening. Accuracy: White =  0%, Black = 100%.} 0-1

[Event "164 Stay Safe Play From Home"]
[Site "T#646250Emanuel Laske"]
[Date "2020.05.22"]
[Round "1"]
[White "Trotsky"]
[Black "Weltszmerc"]
[Result "0-1"]
[WhiteElo "1581"]
[BlackElo "1990"]
[Annotator "TA"]
[PlyCount "80"]
[EventDate "2020.05.22"]
[EventType "swiss (blitz)"]

{[%evp 9,80,-5,0,-51,-45,-37,-20,-68,-60,-141,-137,-287,-205,-207,-193,-353,-218,-222,-215,-195,-155,-183,-103,-80,-24,-282,-14,-16,-12,-11,-13,-9,22,-292,-296,-309,-303,-321,-314,-319,-279,-306,-274,-366,-411,-404,-389,-390,-390,-546,-510,-1425,-1056,-1061,-825,-1075,-828,-29974,-29975,-29982,-29983,-29983,-29984,-29984,-29985,-29985,-29986,-29987,-29987,-29987,-29988,-29988,-29989]} 1. d4 Nf6 2. e3 b6 3. c4 Bb7 4. Nc3 e6 5. Qc2 d5 6. f3 {[#] A45: Trompowsky Attack.} (6. Nf3 $11) 6... dxc4 $146 ({Predecessor:} 6... Be7 7. Nh3 O-O 8. Be2 c5 9. Qd2 cxd4 10. exd4 dxc4 11. O-O Nc6 12. Rd1 Nxd4 13. Bxc4 Bxf3 {0-1 (26) Perez Garcia,J (1624)-Sosa Rodriguez,D (1503) Tenerife 2019}) 7. Bxc4 Be7 8. Bd3 {The position is equal.} O-O 9. h4 (9. Qf2 $15) 9... c5 $17 10. Nh3 (10. Qf2 $17 {was worth a try.}) 10... cxd4 11. exd4 Nc6 12. Ng5 $2 (12. Be3) 12... h6 (12... Qxd4 $2 13. Ne2 $17) (12... Nxd4 $2 13. Bxh7+ Kh8 14. Qd3 $17) 13. Be3 Nb4 14. Qb1 Nxd3+ 15. Qxd3 e5 (15... Rc8 $19 16. Bf4 Rc5 $1 {[%mdl 512]}) 16. O-O-O Rc8 (16... Qc7 $17 {Strongly threatening ...Rfd8.} 17. dxe5 Qxe5) 17. Qc2 $2 {[%mdl 8192] [#]} (17. dxe5 $11 {and White is okay.} Qxd3 18. Rxd3) 17... Qc7 $2 ({Not} 17... hxg5 18. hxg5 Ne4 19. fxe4 $14) (17... e4 $1 $19 18. Ngxe4 Nd5 {[%mdl 64] Discovered Attack}) 18. dxe5 $11 Qxe5 {[%mdl 64] Double Attack} 19. Bd4 $1 {[%cal Rd4e5]} Qf4+ 20. Kb1 g6 (20... hxg5 {keeps more tension.} 21. Bxf6 Qxf6 22. hxg5 Qg6 23. Qxg6 fxg6 24. Rd7 Bxf3 25. gxf3 Bxg5 26. Rg1 Be3) 21. h5 $2 {[%mdl 8192]} ({And not} 21. Ne6 fxe6 22. Qxg6+ Kh8 $17) (21. Rhe1 $11 {and White stays safe.} Rfe8 22. Ne6) 21... Qxg5 $19 22. hxg6 Qxg6 23. Qxg6+ fxg6 24. Rxh6 Kg7 25. Rdh1 {aiming for Rh7+.} Rh8 26. Bxf6+ Bxf6 27. Rxh8 Rxh8 28. Rxh8 Kxh8 29. Kc2 Bxc3 30. bxc3 {[%mdl 4096] Endgame KB-KP} (30. Kxc3 $142 Kg7 31. Kc4) 30... Kg7 31. Kd3 Kf6 32. a3 Ke5 33. g3 Bxf3 {KB-K3P. Black mates.} 34. c4 Be4+ 35. Ke3 g5 36. g4 a5 37. a4 Bc6 38. Ke2 Bxa4 39. Kd3 Bd7 40. Kc3 Bxg4 {Accuracy: White = 34%, Black = 60%.} 0-1

[Event "164 Stay Safe Play From Home"]
[Site "T#646250Emanuel Laske"]
[Date "2020.05.22"]
[Round "2"]
[White "Hoffentlichreichts"]
[Black "Rogan"]
[Result "1-0"]
[WhiteElo "2382"]
[BlackElo "2325"]
[Annotator "TA"]
[PlyCount "103"]
[EventDate "2020.05.22"]
[EventType "swiss (blitz)"]

{[%evp 13,103,0,5,0,26,14,44,-19,6,-11,-2,-136,19,-162,-160,-535,-526,-531,-531,-514,-518,-29996,-1453,-1407,-1394,-1331,-1304,-1406,-1093,-1072,-1085,-1073,-1064,-1086,-1077,-1045,-1020,-1075,-893,-1114,-1086,-1075,-875,-1312,-1325,-1629,-895,-1637,-1621,-1310,-1199,-1165,-1098,-1012,-984,-1025,-945,-1776,-618,-606,-627,-618,-624,-608,-611,-559,-565,-541,-493,-775,-472,-462,-448,-472,-312,-305,-302,-845,-807,-2133,-1433,-1402,-1229,-29973,-29970,-29984,-29985,-29985,-29986,-29986,-29986,-29986]} 1. g3 d5 2. Bg2 c6 3. Nf3 Nf6 4. O-O Bg4 5. b3 e6 6. Bb2 Nbd7 {[%cal Bb8d7,Bd7e5,Be5f3][%mdl 32] 6...Be7 deserves study.} 7. d3 Bd6 8. Nbd2 {A07: Réti Opening: New York and Capablanca Systems.} Qc7 9. e4 {[#]} h5 $146 ({Predecessor:} 9... O-O 10. h3 Bh5 11. g4 Bg6 12. Nh4 Rad8 13. Nxg6 hxg6 14. Qe2 Qb8 15. Rad1 Rfe8 {0-1 (58) Fluerariu,R (2030)-Scripcaru,G (2313) Calimanesti Caciulata 2017}) 10. h4 (10. exd5 $14 cxd5 11. h3 Bxf3 12. Nxf3) 10... Ne5 11. Re1 Nxf3+ 12. Bxf3 (12. Nxf3 $11 dxe4 13. dxe4) 12... Be5 $2 (12... Bxg3 $1 $17 {White must now prevent ...dxe4.} 13. e5 Bxh4) 13. d4 $2 (13. Bxe5 $11 {and White is okay.} Qxe5 14. exd5 Bxf3 15. Nxf3 (15. Rxe5 Bxd1 16. Rxd1 cxd5 $11) 15... Qxd5 16. d4) 13... Bxg3 $1 $19 {And now ...dxe4 would win.} 14. fxg3 $2 (14. e5 $17 Bxh4 15. exf6 gxf6 16. Qe2 (16. Bxg4 $2 hxg4 17. Qxg4 O-O-O $19)) 14... Qxg3+ 15. Kf1 Bh3+ 16. Ke2 dxe4 17. Bh1 {[#]} (17. Nxe4 $19 Nxe4 18. Rg1 Qf2+ 19. Kd3) 17... Bg4+ (17... Ng4 $142 18. Qb1 Qe3+ 19. Kd1 Nf2+ 20. Kc1 Qxe1#) 18. Kf1 Bxd1 19. Raxd1 Ng4 {[%csl Gg4][%cal Rg3f2]} 20. Re2 Ne3+ 21. Rxe3 Qxe3 22. Nxe4 Qh3+ 23. Bg2 Qxh4 24. Nd6+ Ke7 25. Nxb7 Rab8 26. Nc5 Qf4+ 27. Kg1 h4 28. Ba3 Qe3+ 29. Kf1 Ke8 {( -> ...Rh5)} 30. Ne4 h3 31. Bh1 h2 {aiming for ...Rh4.} 32. Nf2 Qg3 33. Ke2 Qg1 34. Bxc6+ Kd8 {Threatens to win with ...Rc8.} 35. d5 Qxd1+ {[%mdl 64] Promotion} 36. Kxd1 h1=Q+ 37. Nxh1 Rxh1+ 38. Kd2 Rh2+ 39. Kd3 exd5 40. Bxd5 Rh3+ 41. Kc4 (41. Kd4 $142 Rh4+ 42. Kd3) 41... Rb6 42. Bc5 Rh4+ 43. Kc3 Rh5 44. Bxb6+ axb6 {[%mdl 4096] Endgame KR-KB} 45. Bc4 $2 (45. Bxf7 Rh4 46. Bg6) 45... Ke7 46. Kb4 Rh4 47. a4 g5 48. a5 bxa5+ {Black mates.} 49. Kxa5 {[#]} Rxc4 $1 {[%mdl 576] Promotion} 50. bxc4 g4 51. c5 Kd8 52. Kb6 {[%mdl 32768] White did not feel at home in the position after the opening. Accuracy: White = 30%, Black = 50%. . Sensor Board Error (Ke4/e5)?} 1-0

[Event "164 Stay Safe Play From Home"]
[Site "T#646250Emanuel Laske"]
[Date "2020.05.22"]
[Round "2"]
[White "Toosieslide"]
[Black "Tavares"]
[Result "1-0"]
[WhiteElo "2232"]
[BlackElo "1776"]
[Annotator "TA"]
[PlyCount "81"]
[EventDate "2020.05.22"]
[EventType "swiss (blitz)"]

{[%evp 19,81,40,79,-22,58,-157,-117,-127,56,42,90,19,14,-148,-136,-137,-151,-142,-30,-39,0,0,83,43,433,169,411,158,152,142,143,-283,-273,-279,-272,-272,-170,-297,-38,-82,489,49,50,26,202,0,314,245,509,476,1171,1153,1283,1114,1066,1047,29999,2197,5925,5728,5239,5135,1985,839]} 1. d4 Nf6 2. c4 g6 3. Nc3 d5 4. cxd5 Nxd5 5. e4 Nxc3 6. bxc3 Bg7 7. Nf3 O-O 8. Be3 c5 9. Be2 Nc6 10. O-O Qa5 {[#]} 11. Nd2 $146 {D85: Exchange Grünfeld: Unusual White 7th moves and lines with 7 Nf3.} ({White should play} 11. d5 $16 Ne5 12. Nxe5 Bxe5 13. Rc1) ({Predecessor:} 11. Qb3 cxd4 12. cxd4 Qb4 13. Qxb4 Nxb4 14. Rfc1 b6 15. a3 Ba6 16. Kf1 Bxe2+ 17. Kxe2 Na6 18. Rc2 Rfc8 {½-½ (33) Gonzalez Garcia,J (2498)-Jerez Perez,A (2406) Barcelona 2017}) 11... cxd4 (11... Qxc3 $11 12. Rc1 Qb2) 12. Nc4 $2 (12. cxd4 $14 {keeps the upper hand.} f5 13. Nb3) 12... Qc7 13. cxd4 {Black is better.} Rd8 $2 (13... Bxd4 $17 14. Rb1 (14. Bxd4 Rd8 $17) 14... Rd8) 14. d5 $14 Ne5 15. Nxe5 (15. Nd2 $16) 15... Qxe5 $11 16. Bd3 $2 (16. Qc2 $11) 16... Qxa1 $17 17. Qxa1 Bxa1 18. Rxa1 b6 (18... e6 $17 19. Bc4 Bd7) 19. Rc1 $11 Bb7 20. Rc7 $1 {[%csl LRb7,LRe7][%mdl 64] Double Attack} Bc8 (20... Rab8 $1 $11) 21. Rxe7 {aiming for Bb5.} Rd7 $2 {[%mdl 8192]} (21... Bd7 $14) 22. Re8+ $18 Kg7 {If Black can now play ...Bb7 this consolidates a bit.} 23. Bd4+ $2 (23. Bb5 $18 {and the rest is easy.} Rc7 24. d6) 23... f6 $16 24. Bb5 $36 {[%mdl 2048] White is really pushing.} Rc7 25. Bc6 $2 {[%mdl 8192] [#]} (25. g4 $1 $16 {and life is bright.}) 25... Bb7 $1 $19 {And now ...Rxe8 would win.} 26. Re6 Bxc6 27. dxc6 {[%mdl 4096] Endgame KRR-KRB} Rf8 28. g3 (28. Kf1 $142) 28... Rff7 $2 ({Better is} 28... Kf7 $19 29. Rxf6+ Ke7 30. Rxf8 Kxf8) 29. Rd6 {[#]} Rfe7 $2 {[%mdl 8192]} (29... Rc8 $1 $17 {stays on course.}) 30. f3 $2 ({Only move:} 30. Bxf6+ $18 Kf7 31. Bxe7 Rxe7 32. f3) 30... Rf7 $14 31. e5 {Hoping for e6.} Kf8 $2 (31... Rf8 $11) 32. exf6 $2 (32. e6 $18 Rfe7 33. Bxf6) 32... Ke8 $2 {[%mdl 8192]} (32... Rc8 $11 {and Black has nothing to worry.}) 33. Re6+ $18 Kd8 $2 (33... Kf8 {might work better.} 34. Be5 Rc8 35. Bd6+ Kg8) 34. Be5 Rxc6 (34... Rc8 $142 35. Kf2 Rf8) 35. Rxc6 {KRB-KR} Kd7 36. Rd6+ Ke8 37. Kg2 Kf8 38. Re6 (38. Rd8# $142) 38... h5 {White is clearly winning.} 39. Bd6+ Kg8 40. Re8+ Kh7 41. Re7 {Never resign too early! Accuracy: White = 29%, Black = 22%.} 1-0